Biblioteca

Visiones de la naturaleza y la cultura : (Registro nro. 64794)

Detalles MARC
000 -LÍDER
Campo fijo de descripción fija 01964nas a22002654i 4500
001 - NÚMERO DE CONTROL
Campo de control 768714001
003 - IDENTIFICADOR DEL NÚMERO DE CONTROL
Campo de control CO-MdFUSB
005 - FECHA Y HORA DE LA ULTIMA TRANSACCIÓN
control field 20190202100527.0
008 - ELEMENTOS DE LONGITUD FIJA -- INFORMACIÓN GENERAL
Campo fijo de descripción fija -- Información general 190201s2017 ck ||||| |||| 00| 0 spa d
022 ## - NÚMERO INTERNACIONAL NORMALIZADO PARA PUBLICACIONES SERIADAS
Número Internacional Normalizado para Publicaciones Seriadas 0120-6877
040 ## - FUENTE DE CATALOGACIÓN
Agencia Catalogadora CO-MdFUSB
Idioma de catalogación spa
Agencia que realiza la transcripción CO-MdFUSB
Agencia que realiza la modificación CO-MdFUSB
041 ## - CÓDIGO DE IDIOMA
Código de idioma para texto/pista de sonido o título separado spa
100 ## - ASIENTO PRINCIPAL--NOMBRE PERSONAL
Nombre personal López Gómez, Catalina
Término relacionador autor
245 10 - TÍTULO
Título Visiones de la naturaleza y la cultura :
Subtitulo el lugar de los animales en Laudato Si'
Mención de responsabilidad / Catalina López Gómez y Álvaro Hernández Bello
300 ## - DESCRIPCIÓN FÍSICA
Extensión Número 72 (2017), páginas 239-252
Dimensiones : 24 cm
520 ## - NOTA DE RESUMEN, ETC.
Nota de sumario, etc. Laudato Si' invita al cuidad de la casa común y denuncia el mal uso que el ser humano ha realizado de los seres y los recursos naturales. El cuidado de la naturaleza es un llamado que la encíclica realiza a partir de un argumento constitutivamente relacional, el cual sugiere que "la existencia humana se basa en tres relaciones fundamentales estrechamente conectadas: la relación con Dios, con el prójimo y con la tierra" (LS 66). Teniendo esto en cuenta, el propósito del presente texto consiste en rastrear en la carta papal la relación entre los seres humanos y los demás animales y en determinar bajo qué argumentos se invita al lector al cuidado de las demás especies animales. A partir de ello se busca mostrar cómo, pese a la importancia del llamado que se hace en la encíclica, la justificación del cuidad de los demás animales que se realiza en el texto ratifica el lugar de subordinación que, históricamente, le ha sido asignado a las demás especies animales por parte del ser humano.
650 #0 - ASIENTO SECUNDARIO DE MATERIA - TERMINO TEMÁTICO
Término temático o nombre geográfico como elemento de entrada Teología práctica
9 (RLIN) 180
653 ## - TÉRMINO DE INDIZACIÓN - NO CONTROLADO
Término no controlado Laudato Si'
653 ## - TÉRMINO DE INDIZACIÓN - NO CONTROLADO
Término no controlado Naturaleza
653 ## - TÉRMINO DE INDIZACIÓN - NO CONTROLADO
Término no controlado Cultura
653 ## - TÉRMINO DE INDIZACIÓN - NO CONTROLADO
Término no controlado Animales
700 ## - ENTR. SECUNDARIA - Nombre Personal (R)
Nombre de persona Hernández Bello, Álvaro
Término indicativo de función autor
773 0# - ASIENTO DE ITEM FUENTE
Biblionumber 64784
Itemnumber 77153
Asiento principal Universidad de la Salle
Otro identificador del ítem R1672
Título Revista de la Universidad de la Salle
Número de control del registro (CO-MdFUSB)768714001
Número Internacional Normalizado para Publicaciones Seriadas (ISSN) 0120-6877
Parte(s) relacionada(s) / Volumen., número. (mes año), páginas Número 72 (2017), páginas 239-252
Enumeración y primera página Página 239
942 ## - TIPO DE MATERIAL (KOHA)
Tipo de Item KOHA Artículos de Revista
Existencias
Expurgo - (Retirado) Estado de Perdido Estado de Dañado No prestable Colección Ubicación habitual Ubicación actual Fecha de Adquisición Tipo de Material
        Colección de Hemeroteca Biblioteca FUSBC Biblioteca FUSBC 01/02/2019 Artículos de Revista

Biblioteca FUSBC | Teléfono: (57+4) 349 88 10 Ext. 141| WhatsApp (+57) 3005338115 
E-mail: biblioteca@unisbc.edu.co | Calle 76 87-14 Robledo Palenque, Medellín, Colombia

Con tecnología Koha